Kompenzácia sociálnych dôsledkov ťažkého zdravotného postihnutia Rozpory medzi teóriou a zákonom

Zákon o sociálnej pomoci č. 195/1998 Z.z. Novelizovaný paragraf 58 zákona o sociálnej pomoci - odňatie peňažného príspevku na osobnú asistenciu osobám starším ako 65 rokov. Nový paragraf 64a) zákona o sociálnej pomoci - peňažný príspevok za opatrovanie. Nevidiaci sa už nepovažujú za odkázaných na in...

Ausführliche Beschreibung

Gespeichert in:
Bibliographische Detailangaben
1. Verfasser: Kováčová, Viera
Weitere Verfasser: Martiš, Štefan
Format: Buchkapitel
Sprache:Slowakisch
Schlagworte:
Tags: Tag hinzufügen
Keine Tags, Fügen Sie das erste Tag hinzu!

MARC

LEADER 00000naa a2200000 4500
001 r047373
005 20230807083857.9
041 0 |a slo 
044 |a SK 
245 1 0 |a Kompenzácia sociálnych dôsledkov ťažkého zdravotného postihnutia  |b Rozpory medzi teóriou a zákonom  |c Viera Kováčová, Štefan Martiš 
520 |a Zákon o sociálnej pomoci č. 195/1998 Z.z. Novelizovaný paragraf 58 zákona o sociálnej pomoci - odňatie peňažného príspevku na osobnú asistenciu osobám starším ako 65 rokov. Nový paragraf 64a) zákona o sociálnej pomoci - peňažný príspevok za opatrovanie. Nevidiaci sa už nepovažujú za odkázaných na individuálnu prepravu. Potreba zmeny kompenzácií. Príležitosť na zmenu nebola využitá. 
610 2 0 |a osoby so zníženou pracovnou schopnosťou 
610 2 0 |a invalidita 
610 2 0 |a pomoc sociálna 
610 2 0 |a zákony 
610 2 0 |a vyrovnanie 
610 2 0 |a príspevky sociálne 
100 1 |a Kováčová, Viera 
700 1 |a Martiš, Štefan